Neighborhoods of Kadıköy - Map Quiz - Statistics

General Stats
  • This quiz has been taken 68 times
  • The average score is 12 of 21
Answers on the Map
Answers color-coded by a green-red scale on the quiz's map according to % correct below.
 
Answer Stats
Answer % Correct
Bostancı
81%
Erenköy
76%
Sahrayıcedit
76%
Caddebostan
71%
Suadiye
71%
Eğitim
67%
Fenerbahçe
67%
Merdivenköy
67%
Fikirtepe
57%
Koşuyolu
57%
Kozyatağı
57%
Rasimpaşa
57%
Acıbadem
52%
Dumlupınar
52%
Feneryolu
52%
Hasanpaşa
52%
Caferağa
48%
Göztepe
48%
Osmanağa
48%
19 Mayıs
38%
Zühtüpaşa
38%
No matching quizzes found
Score Distribution
Percent of People with Each Score
Percentile by Number Answered
Your Score History
You have not taken this quiz